Skip to main content
Your cart is empty.
Your lists
Log in to create your own lists
Your cookies
العربية
English
العربية
Home
Search
Advanced search
Authority search
About
The noble scholar, jurist, historian
His Excellency Dr. Abdul Wahhab bin Ibrahim Abu Sulaiman, may Allah have mercy on him.
He was born in Umm Al-Qura in the year 1356 AH.
Library catalog
Title
Author
Subject
ISBN
ISSN
Series
Call number
Log in to your account
×
Login:
Password:
Home
MARC view: الدر المنثور في بيان معالم مدينة الرسول في العهد النبوي /
Normal view
MARC view
ISBD view
الدر المنثور في بيان معالم مدينة الرسول في العهد النبوي / (Record no. 13875)
[
view plain
]
MARC details
000 -LEADER
fixed length control field
01217nam a22002651i 4500
003 - CONTROL NUMBER IDENTIFIER
control field
SA_RiAUC
005 - DATE AND TIME OF LATEST TRANSACTION
control field
20260104131639.0
008 - FIXED-LENGTH DATA ELEMENTS--GENERAL INFORMATION
fixed length control field
251130s2010____su a g 000 0 ara c
040 ## - CATALOGING SOURCE
Original cataloging agency
SA-JeALM
Language of cataloging
ara
Transcribing agency
SA-RiAUC
Description conventions
rda
043 ## - GEOGRAPHIC AREA CODE
Geographic area code
a-su---
082 04 - DEWEY DECIMAL CLASSIFICATION NUMBER
Classification number
915.3122
090 ## - LOCALLY ASSIGNED LC-TYPE CALL NUMBER (OCLC); LOCAL CALL NUMBER (RLIN)
Classification number (OCLC) (R) ; Classification number, CALL (RLIN) (NR)
915.3122
Local cutter number (OCLC) ; Book number/undivided call number, CALL (RLIN)
ك ع ك
100 1# - MAIN ENTRY--PERSONAL NAME
Personal name
كعكي، عبد العزيز عبد الرحمن إبراهيم
Relator term
مؤلف.
245 12 - TITLE STATEMENT
Title
الدر المنثور في بيان معالم مدينة الرسول في العهد النبوي /
Statement of responsibility, etc.
عبد العزيز بن عبد الرحمن إبراهيم كعكي.
250 ## - EDITION STATEMENT
Edition statement
الطبعة الأولى.
264 #1 - PRODUCTION, PUBLICATION, DISTRIBUTION, MANUFACTURE, AND COPYRIGHT NOTICE
Place of production, publication, distribution, manufacture
المدينة المنورة :
Name of producer, publisher, distributor, manufacturer
عبد العزيز عبد الرحمن إبراهيم كعكي،
Date of production, publication, distribution, manufacture, or copyright notice
2010
300 ## - PHYSICAL DESCRIPTION
Extent
543 صفحة :
Other physical details
إيضاحيات ؛ صور
Dimensions
30 سم .
336 ## - CONTENT TYPE
Content type term
نص
Content type code
txt
Source
rdacontent
Materials specified
كتاب
337 ## - MEDIA TYPE
Media type term
بدون وسيط
Media type code
n
Source
rdamedia
338 ## - CARRIER TYPE
Carrier type term
مجلد
Carrier type code
nc
Source
rdacarrier
500 ## - GENERAL NOTE
General note
اهداء من عبدالعزيز كعكي الى الشيخ رحمه الله بتاريخ 10 / 6 / 1433 هـ
651 #7 - SUBJECT ADDED ENTRY--GEOGRAPHIC NAME
Geographic name
المدينة المنورة
General subdivision
جغرافيا
Source of heading or term
aucsh
942 ## - ADDED ENTRY ELEMENTS (KOHA)
Source of classification or shelving scheme
Dewey Decimal Classification
Koha item type
Books
Suppress in OPAC
No
949 ## - LOCAL PROCESSING INFORMATION (OCLC)
a
SA-JeALM
d
251130
u
osman123
n
1
Holdings
Withdrawn status
Lost status
Source of classification or shelving scheme
Damaged status
Not for loan
Collection
Home library
Current library
Date acquired
Total checkouts
Full call number
Barcode
Date last seen
Price effective from
Koha item type
Dewey Decimal Classification
اهداء
DR AbdElwahab Library
DR AbdElwahab Library
01/04/2026
915.3122 ك ع ك
000022216
01/04/2026
01/04/2026
Books
Place hold
Print
Add to your cart
(remove)
Save record
BIBTEX
Dublin Core
MARCXML
MARC (non-Unicode/MARC-8)
MARC (Unicode/UTF-8)
MARC (Unicode/UTF-8, Standard)
MODS (XML)
RIS
ISBD
More searches
Search for this title in:
Other Libraries (WorldCat)
Other Databases (Google Scholar)
Online Stores (Bookfinder.com)
Open Library (openlibrary.org)
Exporting to Dublin Core...
×
Simple DC-RDF
OAI-DC
SRW-DC